| 000 | 00530nam a22001937a 4500 | ||
|---|---|---|---|
| 005 | 20220926103220.0 | ||
| 008 | 220926b ||||| |||| 00| 0 eng d | ||
| 020 | _a9789353597894 | ||
| 040 |
_aIN-DiNC _cIN-DiNC |
||
| 041 | _deng | ||
| 082 |
_a381.142 _bBHA |
||
| 100 |
_aBhardwaj, Sushil _eauthor |
||
| 245 |
_aE commerce/ _cby Sushil Bhardwaj and Puneet Kumar |
||
| 260 |
_aLudhiana: _bKalyani publishers, _c2022. |
||
| 300 | _a7.81p. | ||
| 650 | _aElectronic commerce | ||
| 700 |
_aKumar, Puneet _eauthor |
||
| 942 |
_2ddc _cBK |
||
| 999 |
_c11401 _d11401 |
||